Archaeology in the land of "tells and ruins" : a history of excavations in the Holy Land inspired by the photographs and accounts of Leo Boer /

محفوظ في:

مؤلفون آخرون: Boer, Leo, 1926-2009., Wagemakers, Bart.

التنسيق: كتاب

اللغة: English

منشور في: Oxford : Oxbow Books, [2014].

الموضوعات:

الوسوم: إضافة وسم

لا توجد وسوم, كن أول من يضع وسما على هذه التسجيلة!

رقم الطلب: DS111.1 .A74 2014

LEADER 02657namaa2200301 4500
003 OSt
005 20260506112019.0
008 130303t20142014enkabe b 001 0deng d
020 |a 9781782972457 
040 |c ARCE Library 
043 |a awba---  |a awgz--- 
050 4 |a DS111.1 .A74 2014 
245 0 0 |a Archaeology in the land of "tells and ruins" :   |b a history of excavations in the Holy Land inspired by the photographs and accounts of Leo Boer /   |c edited by Bart Wagemakers. 
264 1 |a Oxford :  |b Oxbow Books,  |c [2014]. 
264 4 |c c2014. 
300 |a xiv, 264 pages :  |b illustrations, maps, plans ;  |c 29 cm. 
504 |a Includes bibliographical references and index. 
505 0 |a List of contributors -- Preface / Jürgen Zangenberg -- A chance meeting in a museum / Bart Wagemakers -- Chronological table -- Leo Boer, a Dutch student in the Near East (1953-1954) / Bart Wagemakers -- One hundred and fifty years of excavating Jerusalem / Margreet L. Steiner -- An archaeological historiography of Khirbet et-Tell and the ongoing search for the Biblical city of [.i] / Lucas P. Petit -- A visitor at Samaria and Sebaste / Shimon Gibson -- Israelite Samaria : head of Ephraim and Jerusalem's elder sister / Ron E. Tappy -- Archaeological campaigns at Shechem (1913-1973) / Edward F. Campbell, Jr -- Tell Balata Archaeological Park project : fieldwork in 2010-2011 / Gerrit van der Kooij and Hamdan Taha -- Heritage management at Tell Balata / Monique H. van den Dries -- The archaeological expeditions to Tell es-Sultan (1868-2012) / Maura Sala -- I.W. Cornwall at Tell es-Sultan : pioneer in archaeothanatology / Fanny Bocquentin and Bart Wagemakers -- The archaeology of Khirbet Qumran / Joan E. Taylor -- Qumran archaeology and science : a trans-disciplinary combination that bore fruit / Jan Gunneweg -- The archaeology of Caesarea Maritima / Kenneth G. Holum -- A visit to Tel Megiddo in the spring of 1954 / Norma Franklin -- A note on Boer's visit to the Roman city of Bet She'an / Yoram Tsafrir and Benjamin Arubas -- The Roman theatre at Nysa-Scythopolis (Bet She'an) / Gabriel Mazor and Walid Atrash -- The history of the excavations at Tel Bet She'an and the regional surveys of the Bet She'an Valley / Nava Panitz-Cohen -- Appendix: List of photographs from the Leo Boer archive. 
600 1 0 |a Boer, Leo,   |d 1926-2009. 
630 0 0 |a Bible   |x Antiquities. 
650 0 |a Excavations (Archaeology)  |z Palestine. 
651 0 |a Palestine   |x Antiquities. 
651 0 |a Palestine   |x Description and travel. 
700 1 |a Boer, Leo,   |d 1926-2009. 
700 1 |a Wagemakers, Bart.  |9 41796 
901 |a reviewed 
942 |c BK  |2 lcc 
999 |c 6035  |d 6035